[Event "Dortmund SuperGM"]
[Site "Dortmund"]
[Date "2001.07.14"]
[Round "3"]
[White "Topalov, Veselin"]
[Black "Anand, Viswanathan"]
[Result "1-0"]
[WhiteElo "2711"]
[BlackElo "2794"]
[Annotator "Finkel,A"]
[PlyCount "89"]
[EventDate "2001.07.12"]
[EventType "tourn"]
[EventRounds "10"]
[EventCountry "GER"]
[EventCategory "21"]
[SourceTitle "CBM 085"]
[Source "ChessBase"]
[SourceDate "2001.11.13"]
[SourceVersion "1"]
[SourceVersionDate "2001.11.13"]
[SourceQuality "1"]

1. e4 {Ftacnik} e6 2. d4 d5 3. Nc3 Nf6 4. Bg5 dxe4 5. Nxe4 Nbd7 (5... Be7 6.
Bxf6 Bxf6 7. Nf3 Nd7 8. Bc4 O-O 9. Qe2 c5 10. O-O-O Qb6 11. Nxf6+ Nxf6 12. dxc5
$14 {Magem Badals,J-Dizdar,G/Erevan olm 1996}) 6. Nf3 h6 7. Nxf6+ (7. Bxf6 Nxf6
8. Bd3 Be7 9. O-O Nxe4 10. Bxe4 O-O 11. c3 Qd6 12. Re1 c5 13. Qe2 cxd4 14. cxd4
Bf6 15. Rad1 Rb8 16. Ne5 $14 {Gligoric,S-Akopian,V Erevan 1989/}) 7... Nxf6 8.
Bxf6 (8. Bh4 c5 9. Bb5+ Bd7 10. Bxd7+ Qxd7 11. Qe2 Be7 12. O-O-O O-O 13. dxc5
Qc6 $1 14. Kb1 Rfd8 $10 {Anand,V-Ivanchuk V Linares m/2 1992 Inf 55/283/}) 8...
Qxf6 9. Bb5+ (9. g3 Bd6 10. Bg2 O-O 11. O-O e5 12. dxe5 Bxe5 13. Nxe5 Qxe5 14.
c3 c6 15. Re1 Qc7 16. Qa4 Be6 17. Rad1 Rfd8 18. h4 a5 19. b3 Rxd1 20. Rxd1 Rd8
21. Rxd8+ Qxd8 {1/2-1/2 Vallejo Pons,F-Illescas Cordoba,M/Torneo de Pamplona
9th 1998}) (9. Bd3 a6 (9... Bd6 10. Qe2 Bd7 11. Be4 O-O-O 12. O-O Rhe8 13. c4
c6 14. Rad1 e5 15. c5 Bc7 16. d5 cxd5 17. Rxd5 $14 {Kovalev,A-Dolmatov,S/
BL9293 1993}) 10. Qe2 c5 11. O-O-O cxd4 12. Kb1 Bd6 13. h4 Bd7 14. Be4 Bb5 $15
{Maier,C-Legky,N/ch-FRA (team) 1999}) 9... c6 10. Bd3 a6 $5 {Shirov used this
continuation against Topalov in advanced chess in Lion and won, so Anand
decides to check it out wether Topalov has come to Dortmund with an
improvement!} (10... Bd6 11. O-O (11. c3 O-O 12. Qe2 Rd8 13. O-O c5 14. Rad1
cxd4 15. cxd4 $14) 11... Bd7 (11... O-O 12. Qe2 c5 13. c3 Rb8 14. Ne5 Bxe5 15.
dxe5 Qe7 16. Rad1 Rd8 17. Qe4 g6 18. Qe3 Kg7 19. Be4 $14 {Morovic Fernandez,
I-Hergott,D/North Bay op 1996}) 12. Qe2 O-O 13. Ne5 Rfd8 14. Qe4 g6 $13 {
Kovalevskaya,E-Edzgveradze,N/Moscow-W 1996}) (10... g6 11. c3 (11. Qe2 Bg7 12.
h4 O-O 13. h5 g5 14. c3 Qe7 15. Qe4 Rd8 16. Qh7+ Kf8 17. Ne5 $40 {Kreiman,
B-Zifroni,D/Graz op 1997}) 11... Bg7 12. Qe2 O-O 13. O-O (13. O-O-O $5 {
/\Kb1,h4,h5/}) 13... Rd8 14. Rad1 Bd7 15. Ne5 Be8 16. f4 $16 {Smyslov,
V-Dolmatov,S/Rostov 1993}) 11. c3 c5 12. Ne5 Bd6 13. Qe2 $146 {Here comes
Topalov's novelty. In the game with Shirov he played Ftacnik: 'Anand has
chosen Shirov's play as an inspiration in this line, white sensibly admitts
the importance to support the most valuable piece in the center.'} (13. Qa4+
Ke7 14. O-O Bxe5 15. dxe5 Qxe5 16. Rae1 Qc7 17. Qh4+ g5 18. Qh5 Bd7 {Black
managed to survive white's attack and to convert his material advantage into a
point after very sharp battle.} (18... Bd7 {Ftacnik} 19. f4 c4 20. fxg5 Qc5+
21. Kh1 cxd3 22. Rxf7+ Kd8 {0-1 Topalov,V-Shirov,A/Leon/2001/ (49)})) 13...
cxd4 14. cxd4 Bd7 ({After} 14... Bb4+ 15. Kf1 {White loses a castling option
but his rook can be brought into play over the h-file.} O-O 16. Qe4 Rd8 17. h4
{[%csl Rf7,Rg8][%cal Gh1h3,Gh3f3] with initiative. '|^' Ftacnik.}) 15. O-O ({
After a tempting} 15. Qe4 $5 {black can hold by} Bxe5 16. dxe5 Qf5 $1 {with
slightly worse position.} (16... Qf5 $1 {Ftacnik} 17. Rc1 $14)) 15... Qf4 ({
In case of} 15... Rd8 16. f4 {Black's position is too passive.}) 16. g3 {
'!' Ftacnik.} (16. Rfd1 Bxe5 17. dxe5 Bc6 18. Rac1 Bd5 $1 (18... O-O $2 19. Rc4
Qg5 20. Rg4 Qe7 21. Qe3 Kh8 22. Qg3 $40 (22. Qg3 {Ftacnik} f5 23. Rd4 (23. exf6
Qxf6 24. Rg6 Qxb2 $13) 23... Bd5 24. b3 $14)) 19. Rc7 O-O $14 {'~~' Ftacnik.})
16... Qxd4 17. Nxd7 Kxd7 18. Qf3 $36 {[%csl Rb7,Rf7] White is regaining a pawn.
Due to unsecure position of the black king Topalov's position is better.} Ke7 {
Ftacnik: 'Black has to be very careful in the defense, despite compact
position the centralized king can easily become indifensible.'} (18... Kc8 {
Ftacnik} 19. Be4 Kb8 20. Rfd1 Qb6 21. Qxf7 $16) 19. Qxb7+ Kf6 20. Rad1 Qa7 (
20... Qg4 {Ftacnik} 21. Bxa6 Rhb8 22. Qc6 Be5 23. b3 $16) 21. Qf3+ Ke7 22. Qg4
g5 (22... Be5 {Ftacnik} 23. Rd2 $14) 23. Bc4 Qb6 24. Rd3 $1 {An excellent
maneuver. This rook has a lot to do on the third rank.} Rad8 (24... Qxb2 25.
Re1 {[%csl Re6]} Qf6 26. Rf3 Qg6 27. Rxf7+ $1 Qxf7 28. Rxe6+ Kf8 29. Rxd6 $18)
25. Rf3 $1 {Veselin is aiming at the black king.} ({Not so promising was} 25.
Rb3 Qc6 (25... Qc5 {Ftacnik} 26. Qe2 a5 $14) 26. Qe2 a5) 25... Be5 (25... Qxb2
$4 26. Rxf7+ $1 {with the checkmate in two.}) 26. Re1 f6 ({Extremely risky is} 
26... Rd4 $6 27. Rxf7+ $1 Kxf7 28. Qf5+ Ke7 (28... Bf6 29. Rxe6) 29. Qxe5 Rf8
30. Bxe6 Qd6 $1 31. Qg7+ Kd8 32. Qxh6 $18 {and white is winning '+/-' Ftacnik.}
) 27. Qh5 {[%csl Re7][%cal Ge1e5,Gh5f7] White is threatening with 28.Rxe5.
Black has to defend against tacktical blows on every move.} (27. Qe4 $5 {
Ftacnik} Rd4 28. Qg6 $40) 27... Qb4 {'!' Ftacnik. Ftacnik: 'Black's position
is not bad, but white's attack can not be underestimated.'} (27... Qxb2 28. Rb3
{[%cal Gb3b7]} Qd2 29. Rb7+ Rd7 30. Reb1 Rxb7 {'!?' Ftacnik.} (30... Rc8 $5 {
Ftacnik} 31. Rxd7+ (31. Qxh6 Rxc4 32. Qg7+ Ke8 $11) 31... Qxd7 32. Bxa6 $14)
31. Rxb7+ Kd6 32. Qf7 $1 {[%csl Re6]} Qe1+ 33. Bf1 Bd4 34. Rd7+ Ke5 35. Rxd4
Kxd4 36. Qg7 $3 $40 {'!!' Ftacnik.} (36. Qg7 $3 Ra8 37. Qd7+ Ke5 38. Qc7+ Kf5
39. Qc2+ Ke5 (39... Kg4 40. h3+ Kh5 41. g4+ Kh4 42. Qg6 $18) 40. Qc5+ Ke4 41.
Qc6+ $18)) 28. Rxe5 {'!' Ftacnik.} ({A similar position emerges after} 28. Re4
$5 Qd2 $1 (28... Qxb2 {Ftacnik} 29. Rb3 Qc1+ 30. Kg2 $18) 29. Rxe5 Qc1+ 30. Kg2
Qxc4) 28... Qxc4 29. Re1 ({On} 29. Rc3 {black would have sacrificed the queen}
Qxc3 $1 (29... Qxa2 $2 30. Rc7+ Kd6 31. Rec5 $18) 30. bxc3 fxe5 31. Qe2 Rd6 32.
Qxe5 Rh7 {with good drawing chances. '+/=' Ftacnik.}) 29... Qxa2 {With every
pawn capture Vishy is getting closer to desired draw.} 30. Qg6 Rhf8 31. Qxh6
Qxb2 ({In case} 31... e5 {white could conduct the following combination} 32.
Qg7+ Rf7 33. Rxe5+ $1 fxe5 34. Qxg5+ Ke6 ({after} 34... Ke8 35. Qxe5+ Kd7 {
White closes out the game with an incredible} 36. Rc3 $3 {(total domination!)}
Qb1+ 37. Kg2 Rxf2+ {(there is no other choice)} 38. Kxf2 Qxb2+ 39. Ke3 $3 {
Black is forced to trade the queens '!' Ftacnik.} Qb6+ 40. Qd4+ Qxd4+ 41. Kxd4
{the emerged endgame is hopeless for Black '+-' Ftacnik.}) 35. Rxf7 Rd1+ 36.
Kg2 Kxf7 (36... Qd5+ 37. Rf3) 37. Qh5+ Ke6 38. Qxd1 Qxb2 {with big advantage
in the queen ending. After the move which was played in the game the same
tactical idea works.} (38... Qxb2 {Ftacnik} 39. h4 $16)) 32. Qg7+ Rf7 33. Rxe6+
$1 $16 {'!' Ftacnik.} Kxe6 34. Re3+ Qe5 35. Rxe5+ fxe5 36. Qxg5 Rdf8 37. Qg4+
Kd5 38. Qd1+ Kc5 39. Qc2+ Kb4 $2 {Very stupid mistake Ftacnik: 'Anand is
probably playing serious innaccuracy in the time trouble, chances for
successful defense were promised after the correct 39...Kb6.'} ({After} 39...
Kb6 $1 40. Qb2+ (40. h4 Rxf2 41. Qxf2+ Rxf2 42. Kxf2 a5 $11 (42... a5 43. h5 a4
$11)) 40... Kc6 41. Qa2 (41. Qxe5 {Ftacnik} Rxf2 42. Qe6+ Kb7 (42... Kb5 43.
Qd5+ Kb6 44. Qd4+ Kb5 45. Qxf2 Rxf2 46. Kxf2 $18) 43. h4 R2f6 $14) 41... Rxf2
42. Qxa6+ Kd5 $14 {White can't exchange his queen for two black rooks to his
advantage,which means that black is very close to a draw here!} (42... Kd5 43.
Qb7+ (43. Qd3+ Kc6 44. Qc4+ Kd6 $11) 43... Kd4 $1 44. Qb6+ Kd3 45. Qxf2 Rxf2
46. Kxf2 Kd2 47. Kf3 Kd3 $11)) 40. Qb2+ $18 Kc5 (40... Kc4 41. Qe2+ Kd5 42.
Qd3+ $1 Kc5 43. Qxa6 $18 {[%csl Gf2][%cal Ga6a7,Ga7f2]}) (40... Ka4 41. Qa1+ $1
Kb4 42. Qxa6 $18 {[%cal Ga6b6,Gb6f2]}) 41. Qxe5+ Kb6 42. h4 a5 43. h5 Rd7 44.
Qe6+ Kc7 45. h6 1-0

[Event "North Sea Cup 16th"]
[Site "Esbjerg"]
[Date "2001.07.07"]
[Round "2"]
[White "Sutovsky, Emil"]
[Black "Rustemov, Alexander"]
[Result "1/2-1/2"]
[WhiteElo "2651"]
[BlackElo "2607"]
[Annotator "Finkel,A"]
[PlyCount "98"]
[EventDate "2001.07.06"]
[EventType "tourn"]
[EventRounds "9"]
[EventCountry "DEN"]
[EventCategory "14"]
[SourceTitle "CBM 085"]
[Source "ChessBase"]
[SourceDate "2001.11.13"]
[SourceVersion "1"]
[SourceVersionDate "2001.11.13"]
[SourceQuality "1"]

1. e4 e6 2. d4 d5 3. Nc3 dxe4 4. Nxe4 Bd7 5. Nf3 Bc6 6. Bd3 Nd7 7. Qe2 Ngf6 8.
Neg5 Qe7 $5 {Very logical move, and as shows the following game black quiet
easily solves all opening problems.} (8... Bxf3 9. Nxf3 (9. Qxf3 c6 10. O-O Bd6
11. Re1 Qc7 12. Qh3 h6 $2 13. Rxe6+ $1 $18 {Sermek,D-Foisor,O/Open 1999}) 9...
c5 (9... Be7 10. Bg5 Nd5 11. Bd2 O-O 12. c4 N5f6 13. b4 $14 {Levacic,
P-Suskovic,M/Zagreb 1997}) 10. O-O Be7 11. dxc5 Bxc5 12. Bf4 O-O 13. Rad1 Qb6
14. c3 $14 {Emms,J-Arkell,K/Isle of Man op 1996}) (8... Bd6 9. Bd2 (9. Ne5 O-O
(9... Bxe5 $5 10. dxe5 Nd5 11. c3 h6 12. Nf3 N5b6 13. Bf4 g5 14. Bg3 Nc5 15.
Bc2 Qd5 16. O-O O-O-O 17. Rfd1 {1/2-1/2 Magem Badals,J-Westerinen,H/Open 1999})
10. Bd2 h6 11. Nxc6 (11. h4 Qe7 12. O-O-O Rad8 13. Rh3 $1 Bxe5 14. dxe5 Nd5 15.
c3 $16 {Spangenberg,H-Lalic,S/Hastings op9495}) 11... bxc6 12. Ne4 Rb8 13. b3
Re8 14. O-O e5 15. Nxd6 cxd6 16. dxe5 Nxe5 17. Rfe1 $14 {Filipovic,B-Belan,J/
Bratislava op 1993}) 9... h6 10. Ne4 Nxe4 11. Bxe4 Bxe4 12. Qxe4 c6 13. O-O-O
Nf6 14. Qe2 Qc7 15. Kb1 O-O-O 16. c4 Rhf8 17. g3 $14 {Rakovsky,A-Seplak,J/
Moravia-ch op 1994}) (8... Be7 9. Bd2 h6 10. Nxe6 $6 fxe6 11. Bg6+ Kf8 12. O-O
Nb6 13. Rad1 Be8 14. Ne5 Nbd7 $17 {Novotny,J-Stluka,M/CZE-chT2 1995}) 9. O-O h6
10. Ne4 (10. Nh3 g5 11. Ne5 Nxe5 12. dxe5 Nd7 13. f4 Bg7 $132) 10... Nxe4 11.
Bxe4 Bxe4 12. Qxe4 c6 $1 {Keeping an option to castle kingside.After natural} (
12... O-O-O $6 13. c4 g5 (13... Nf6 14. Qe2 g6 15. Re1 Bg7 16. Bd2 c6 17. Bc3
$14) 14. Re1 Bg7 15. Bd2 Nf6 16. Qe3 $14 {white seems to keep slight advantage.
}) 13. c4 Nf6 14. Qh4 $6 {[%csl Rh4] Queen has nothing to do on h4.} (14. Qe3
Qc7 15. Ne5 Nd7 16. f4 $5 $13) 14... g6 (14... O-O-O 15. Bg5 Rg8 16. Bxf6 Qxf6
17. Qxf6 gxf6 $11) 15. Re1 Bg7 16. Qh3 g5 (16... O-O-O $5) 17. Ne5 $1 O-O-O 18.
Qb3 Nd7 (18... Rxd4 $6 19. Be3 Re4 20. Bxa7 Rxe1+ 21. Rxe1 Nd7 22. Nxd7 Qxd7
23. Rd1 $40 {[%cal Ga7b6,Gb3a4]}) 19. Be3 Nxe5 20. dxe5 Bxe5 21. Bxa7 Bd4 22.
Bb6 (22. Qa4 Bxa7 23. Qxa7 Qd6 24. g3 Qb8 25. Qe3 Qc7 26. b4 $13) 22... Bxb6
23. Qxb6 Qc7 24. Qe3 Rd7 25. a4 (25. b4 Qf4 26. Qc3 Rhd8 27. g3 Qd2 $15) 25...
Qf4 $11 {Now it becomes clear that draw is almost inevitable outcome of the
game.} 26. Qxf4 gxf4 27. Re4 $6 (27. a5 Rhd8 28. a6 bxa6 29. Rxa6 Kb7 30. Raa1
c5 $11) 27... Rhd8 28. Rae1 (28. Rxf4 $4 Rd1+ 29. Rxd1 Rxd1#) 28... Rd4 29. h4
c5 30. b3 Kd7 $1 31. Re5 (31. Rxd4+ cxd4 32. Re4 Ke7 33. Kf1 f5 34. Rxf4 Kf6
35. Rf3 e5 36. b4 d3 37. Ke1 e4 $44) 31... Kd6 32. Kf1 Rd3 33. b4 $8 cxb4 34.
Rb5 Rd7 $6 (34... b3 $1 35. Rb1 f3 36. gxf3 Kc6 37. R1xb3 Rxb3 38. Rxb3 Rd4 $15
) 35. Rxb4 Kc5 36. Rb5+ Kxc4 37. Rh5 Kb4 38. Rxh6 $11 Kxa4 39. Rf6 b5 40. h5 b4
41. h6 R3d5 42. Ra1+ Kb5 43. Ra8 Rh5 44. Rb8+ Kc5 45. Ke2 (45. Rxf4 Rxh6 46.
Rfxb4 $11) 45... e5 46. Rfb6 Kd5 47. Kf3 Rd6 48. Rb5+ Ke6 49. Re8+ Kf6 1/2-1/2

[Event "EU-chT (Men) 13th"]
[Site "Leon"]
[Date "2001.11.15"]
[Round "9.2"]
[White "Nedev, Trajce"]
[Black "Supatashvili, Khvicha"]
[Result "0-1"]
[WhiteElo "2514"]
[BlackElo "2515"]
[Annotator "Finkel,A"]
[PlyCount "70"]
[EventDate "2001.11.06"]
[EventType "team-swiss"]
[EventRounds "9"]
[EventCountry "ESP"]
[SourceTitle "CBM 086"]
[Source "ChessBase"]
[SourceDate "2002.02.05"]
[SourceVersion "1"]
[SourceVersionDate "2002.02.05"]
[SourceQuality "1"]
[WhiteTeam "Macedonia"]
[BlackTeam "Georgia"]
[WhiteTeamCountry "MKD"]
[BlackTeamCountry "GEO"]

1. e4 e6 2. d4 d5 3. Nd2 dxe4 4. Nxe4 Nd7 5. Bd3 Ngf6 6. Qe2 c5 7. Nxf6+ Nxf6
8. dxc5 Bxc5 9. Bd2 $5 {Quiet dangerous plan, which, however, wasn't carried
out properly by white in this game.} (9. Bg5 Qa5+ (9... h6 10. Bb5+ Bd7 11.
Bxd7+ Qxd7 12. Bxf6 gxf6 13. Rd1 Qc6 14. Nf3 O-O $11 {Fedorov,A-Van Wely,L/
Istanbul 2000/EXT 2001}) 10. Bd2 Qc7 (10... Qb6 11. O-O-O Bd7 12. Nh3 $5 (12.
f4 O-O-O 13. Nf3 Ng4 14. Ng5 f5 15. Nf7 Nf2 16. Nxh8 Rxh8 $132 {Lastin,
A-Feoktistov,A/Voronezh op 1998}) 12... h6 13. Qe1 $6 {[%cal Gd2a5]} (13. Bc3
O-O-O 14. Qf3 Bc6 15. Qg3 Rhg8 $11) 13... a5 $5 14. Bc3 Bb4 $132 {Asrian,
K-Feoktistov,A/St Petersburg 1999/CBM 74}) (10... Bb4 11. c3 Be7 12. Nf3 O-O
13. O-O Rd8 14. Ne5 Bd7 15. c4 Qb6 16. b4 Qd4 17. Rac1 a5 18. Bc3 $14 {
Nevednichy,V-Negulescu,A/Cupa Dinamo 1998}) 11. Nf3 O-O 12. O-O-O b6 13. Ne5
Bb7 14. f4 (14. Rhe1 Rac8 15. Kb1 Rfe8 16. g4 Nd5 17. g5 $36 {Korneev,
O-Zlochevskij,A/RUS-Cup8 1997/EXP 58}) 14... Rfd8 (14... Nd5 15. Rhf1 $1 Nb4 $6
16. Bxb4 $5 Bxb4 17. g4 Rad8 18. g5 $40 {Fedorov,A-Daschian,N/RUS-Cup02 1998})
15. Kb1 Rac8 16. Rhf1 Nd5 (16... Bd4 17. Nf3 Ba6 18. Nxd4 Rxd4 19. Bxa6 Qxc2+
20. Ka1 Rcd8 21. Bc1 Qxd1 22. Rxd1 Rxd1 23. Kb1 $16 {Polgar,J-Ehlvest,J/Vienna
Millenium 1996/CBM 55}) 17. a3 Bd6 18. c4 Nf6 19. Bc3 $14 {Glek,I-Nogueiras,J/
Linares op 1996/EXP 51}) (9. Nf3 O-O (9... Qc7 10. O-O O-O 11. Bg5 b6 12. Rad1
$5 Bb7 13. Bxf6 gxf6 14. Be4 Rfd8 15. Bxb7 Qxb7 16. a3 Rac8 17. c3 $14 {
Spraggett,K-Nogueiras,J/Canadian Open, Winnipeg CAN 1997 (41)}) (9... h6 $6 10.
Bd2 O-O 11. O-O-O Qb6 12. g4 $5 Nxg4 13. Rhg1 f5 14. h3 Nxf2 15. Bxh6 Nxd3+ 16.
Qxd3 Bxg1 17. Rxg1 $36 {Ulibin,M-Orlov,G/Minsk 1990 (31)}) 10. Bg5 h6 (10...
Qa5+ 11. c3 Be7 12. Ne5 Qc7 13. O-O Rd8 14. Rad1 h6 15. Bf4 $6 Bd6 $132 {
Rublevsky,S-Anastasian,A/Balatonbereny 1994}) 11. h4 $1 (11. Bxf6 $5 Qxf6 12.
O-O-O g6 13. h4 h5 14. Kb1 Kg7 15. Ng5 $5 e5 16. Ne4 Qb6 17. Nxc5 $14 {
Hjartarson,J-Kacheishvili,G/Linares op sp 1996/1-0 (67)}) 11... Qa5+ 12. Bd2
Qa4 13. Ne5 Qd4 14. c3 Qd5 15. O-O-O $1 Qxa2 16. g4 Qa1+ 17. Kc2 Qa4+ 18. Kb1
$16 {Rublevsky,S-Zakharevich,I/St.Petersburg Petrov 1996 (24)}) 9... O-O 10.
O-O-O Qc7 (10... Qd5 $6 11. Bc3 (11. Kb1 Qxg2 12. Nf3 Qxf2 13. Qe5 Qxf3 14.
Qxc5 b6 15. Qg5 h6 16. Qh4 Qh5 17. Qg3 Kh8 18. Rhg1 $44 {Ivanisevic,
I-Supatashvili,K/Panormo 1998/CBM 67}) 11... Qg5+ 12. Kb1 Nd5 13. Be5 $14 {
Sadler,M-Miles,A/Hove 1997/CBM 61}) 11. Nf3 b6 12. Ne5 Bb7 13. Kb1 Rfd8 14. f4
Rd4 15. c3 (15. Rhf1 Rad8 16. g4 a5 (16... Be4 17. Bc3 Bxd3 18. Nxd3 Re4 19.
Qg2 $14) 17. g5 Ne4 18. Be3 R4d6 $132) 15... Rd6 $5 {Black is ready to give up
an exchange in order to complicate the position.} 16. Rhe1 (16. b4 Rxd3 17.
Nxd3 Bd6 18. Kb2 $14) 16... Rad8 17. Bc2 (17. b4 $5) 17... g6 18. b4 $6 {
[%csl Rc3] Permitting black to exchange the rook for dark-squared bishop which
played very important role in the position.} Rxd2 19. Rxd2 Bd6 20. c4 $2 {
There was no need to give up a pawn!} (20. Qc4 $5 Nd5 (20... Qb8 $1 21. b5 (21.
Nc6 Bxc6 22. Qxc6 Nd5 $36 {[%cal Gd8c8]}) 21... Nd5 22. g3 Rc8 23. Nc6 Bxc6 24.
bxc6 b5 $36 {[%csl Rc3]}) (20... Qe7 $6 21. Nc6 Bxc6 22. Qxc6 Bxf4 23. Rxd8+
Qxd8 24. g3 $14 {[%cal Ge1d1]}) 21. Qxc7 Bxc7 22. Kb2) 20... Bxb4 21. Rxd8+
Qxd8 22. Rd1 Qe7 $132 23. g4 $6 {After this inaccuracy white finds himself
under sever attack!} (23. Qe3 Bxg2 $15) (23. Rd3 $5 {[%csl Gc3]} Ne4 24. Kb2
Nc5 25. Rd1 Ba3+ $1 26. Ka1 $13) 23... Bc3 $1 {[%csl Rb1][%cal Ge7a3]} 24. g5
Qb4+ 25. Bb3 Ne4 26. Nd3 (26. Rd8+ Kg7 27. Rd7 $2 Bxe5 $19 {[%cal Ge4c3]})
26... Qa5 $17 27. Qc2 Bd4 {[%cal Ge4c3]} 28. Kc1 Nc3 29. Rf1 Be4 30. h4 Qf5 31.
Kd2 Qg4 {[%cal Gg4e2]} 32. Re1 Qg2+ 33. Kc1 Qg3 34. Rxe4 Nxe4 35. Qe2 Nc5 0-1

[Event "FRA-ch"]
[Site "Chartres"]
[Date "2005.08.25"]
[Round "10"]
[White "Sokolov, Andrei"]
[Black "Vaisser, Anatoli"]
[Result "1-0"]
[WhiteElo "2603"]
[BlackElo "2576"]
[Annotator "Finkel,A"]
[PlyCount "155"]
[EventDate "2005.08.15"]
[EventType "tourn"]
[EventRounds "11"]
[EventCountry "FRA"]
[EventCategory "13"]
[SourceTitle "CBM 109"]
[Source "ChessBase"]
[SourceDate "2005.11.14"]
[SourceVersion "1"]
[SourceVersionDate "2005.11.14"]
[SourceQuality "1"]

1. e4 e6 2. d4 d5 3. Nd2 dxe4 4. Nxe4 Nd7 5. Nf3 Ngf6 6. Nxf6+ Nxf6 7. Bg5 h6
8. Be3 Nd5 9. Qd2 Bd6 (9... Bb4 $5) 10. O-O-O Qe7 {Following the game
Svidler-Gurevich. An only difference is that white pawn is on c2 and not on c3
(Gurevich opted for 9...Bb4 10.c3 Bd6).} (10... Bd7 11. c4 $5 (11. Ne5 Qe7 12.
Bc4 Bxe5 13. dxe5 Bc6 14. Qd4 Nxe3 $11 15. Qxe3 Qg5 16. f4 Qxg2 17. Rhg1 Qe4
18. Qxe4 Bxe4 19. Rxg7 {1/2-1/2 Leko,P-Bareev,E/Wijk aan Zee 2004/CBM 099 (19)}
) 11... Nxe3 $6 (11... Nf6 $5) 12. fxe3 Bc6 {[%csl Ge4]} 13. c5 $1 Be7 14. Ne5
Bd5 15. Kb1 Bf6 16. Bb5+ $1 $14 {Lupulescu,C-Jeremic,V/Korinthos 2004}) (10...
O-O 11. Kb1 Nxe3 (11... Qf6 12. Bd3 Bd7 13. c4 Nxe3 14. Qxe3 Qf4 15. Qxf4 Bxf4
16. Be4 f5 $6 17. Bc2 Bc6 18. d5 exd5 19. cxd5 Bd7 20. Nd4 $14 {Lopez Martinez,
J-Kalod,R/Badalona 2005}) 12. Qxe3 Qf6 13. Bd3 Rd8 14. Rhe1 Bd7 15. Ne5 $36 {
[%cal Gf2f4,Gg2g5] Vehi Bach,V-Malakhatko,V/Salou 2005}) 11. Bc4 $5 {Sokolov
is the first one to deviate. The bishop is well placed on c4, but it's hardly
enough to pose black serious problems.} (11. Ne5 Bxe5 12. dxe5 Bd7 13. Qd4 Nxe3
14. Qxe3 O-O $14) 11... Nxe3 12. Qxe3 Bd7 13. Rhe1 O-O ({Of course not} 13...
Bc6 $2 14. d5 exd5 15. Qc3 $18 {[%cal Ge1e8]}) 14. Ne5 (14. d5 Rfe8 15. dxe6
Bxe6 16. Bxe6 Qxe6 17. Qxe6 Rxe6 18. Rxe6 fxe6 $11) 14... Bxe5 (14... Rad8 15.
f4 c5 16. dxc5 Bxc5 17. Qe4 Bc6 18. Nxc6 bxc6) 15. Qxe5 {[%cal Gd4d5]} Qd6 (
15... Qb4 16. Bb3 Qd6 17. d5 $14) 16. d5 $1 {An only try to play for a win.}
Qxe5 17. Rxe5 Rae8 (17... exd5 18. Bxd5 c6 19. Re7 Bf5 20. Bb3 Rab8 21. Rd6)
18. dxe6 Bxe6 19. Rde1 g5 (19... Bd7 20. Re7 Be6 21. Rxc7 Bxc4 22. Rxe8 Rxe8
23. Rxc4 $16) 20. f3 Kg7 ({A bit more accurate was} 20... Bd7 $1 21. Re7 Be6
22. Rxc7 Bxc4 23. Rxe8 Rxe8 24. Rxc4 Re2 25. g4 Rxh2 26. Rc7 Rh3 $11 {with
balanced position.}) 21. Bxe6 Kf6 22. Rf5+ Kg7 23. Rfe5 Kf6 24. Rf5+ Kg7 25.
Ra5 a6 26. Rae5 Kf6 27. Rf5+ Kg7 28. Rfe5 Kf6 29. Rf5+ Kg7 30. Rd5 fxe6 $1 (
30... Rxe6 $143 31. Rxe6 fxe6 32. Rd7+ Rf7 33. Rd8 Rf8 34. Rxf8 Kxf8 35. Kd2
Ke7 36. Ke3 Kd6 37. Ke4 $16) 31. Rd7+ Rf7 32. Red1 Ree7 $2 (32... e5 $5 {
[%cal Ge5e4]}) 33. Rxe7 Rxe7 34. Rd8 h5 (34... Kf7) 35. Kd2 Kf6 36. Ke3 Ke5 37.
Rg8 Kf5 38. Rf8+ Ke5 39. Rg8 Kf5 40. Rf8+ Ke5 41. Rh8 h4 42. Rh5 $1 $16 {
[%csl Rh4]} Kf6 43. f4 gxf4+ 44. Kxf4 e5+ (44... Rg7 45. Kf3 Rf7 46. Rxh4 Kg5+
47. Kg3 $16) 45. Ke4 Rd7 (45... Rg7 46. Rf5+ Ke6 47. Rxe5+ Kd7 48. Rd5+ Ke6 49.
Rd2 $16) 46. Rf5+ Kg6 47. Rf2 Re7 48. b4 c6 49. c4 Re8 50. a4 b5 51. axb5 axb5
52. c5 $18 Rd8 (52... h3) 53. Kxe5 Rd5+ 54. Ke4 Kg5 55. h3 Rd1 56. Rf5+ Kg6 57.
Rf4 Re1+ 58. Kd4 Rd1+ 59. Ke5 Rd5+ 60. Ke6 Kg5 61. Rg4+ Kh5 62. Kf6 Rd2 63. Ke7
Rd1 64. Re4 Kg5 65. Rg4+ Kh5 66. Re4 Kg5 67. Re5+ $5 (67. Re6 Rd2 68. Rxc6 Rxg2
69. Rb6 Kf4 70. c6 $18) 67... Kf4 68. Re6 Rd4 69. Rxc6 Rxb4 70. Rf6+ Kg3 71.
Rg6+ Kh2 72. c6 Rc4 73. Kd7 b4 74. c7 b3 75. Rb6 $1 Rd4+ 76. Kc6 Rc4+ 77. Kb7
Rc3 78. c8=Q 1-0